|
|
|
|
| LEADER |
00000nam a22000007a 4500 |
| 005 |
20220630233434.0 |
| 007 |
cr|||| |||| |
| 008 |
220630c20189999ea ar|w s|||| 0|||b1spa d |
| 022 |
|
|
|a 2605-4876
|
| 035 |
|
|
|a 36681
|
| 040 |
|
|
|a vLex
|
| 090 |
|
|
|c 13516
|d 13516
|
| 245 |
1 |
0 |
|a Ihering
|h [Recurso electrn̤ico] :
|b Cuadernos de Ciencias Jurd̕icas y Sociales
|
| 256 |
|
|
|a Servicio en ln̕ea
|
| 300 |
|
|
|a 1 recurso electrn̤ico
|
| 310 |
|
|
|a Anual
|
| 500 |
|
|
|a Ihering. Cuadernos de Ciencias Jurd̕icas y Sociales, surge del Seminario de Estudios Europeos "Diego de Mendoza" de la Fundacin̤ Universitaria Espaǫla con el afǹ de ofrecer un espacio a la investigacin̤ avanzada en los m̀bitos que ocuparon la actividad acadm̌ica del profesor de la venerable Universidad de Gotinga. Desde luego, en todos los escenarios propios de las ciencias sociales. Pero, entre ellas, las ciencias jurd̕icas, y muy especialmente las disciplinas jurd̕icas bs̀icas, comenzando por la historia del derecho, de las instituciones, y de la cultura jurd̕ica.
|
| 506 |
1 |
|
|a Disponible solo en los productos indicados
|d vLex Global
|d vLex Global (Academic Edition, excluding Law Schools)
|d vLex Global (U.S. Academic Edition, Law Schools)
|d vLex Global (U.S. Academic Edition, excluding Law Schools)
|d vLex Global (Academic Edition, Law Schools)
|
| 650 |
0 |
4 |
|a Derecho Internacional
|z Espaą
|
| 650 |
0 |
4 |
|a Ciencias sociales
|z Espaą
|
| 740 |
0 |
|
|a vLex Revistas (Servicio en ln̕ea)
|
| 856 |
4 |
0 |
|u https://app.vlex.com/#/sources/36681
|z Acceso restringido
|
| 942 |
|
|
|c REV
|
| 999 |
0 |
|
|a International Law
|
| 999 |
0 |
|
|a Social Sciences
|